|
|
|
|
| LEADER |
01836nam a2200361 i 4500 |
| 001 |
29744 |
| 003 |
BD-DhAAL |
| 005 |
20150819122840.0 |
| 008 |
150819s2012 bg w 000 0 eng |
| 010 |
|
|
|a 2013315404
|
| 020 |
|
|
|z 98484660148
|
| 025 |
|
|
|a B-E-2013-315404; 24
|
| 037 |
|
|
|b Library of Congress -- New Delhi Overseas Office
|
| 040 |
|
|
|a DLC
|c DLC
|d DLC
|d BD-DhAAL
|e rda
|
| 041 |
0 |
|
|a eng
|a ben
|
| 042 |
|
|
|a lcode
|
| 043 |
|
|
|a a-bg---
|
| 050 |
0 |
0 |
|a KNG3796.7
|b .M59 2012
|
| 082 |
0 |
0 |
|2 22
|a 345.5492
|
| 100 |
1 |
|
|a Mia, Siddiqur Rahman.
|d 1946-
|9 13965
|
| 245 |
1 |
0 |
|a 100 years' section-wise up-to-date rulings on important criminal laws /
|b (১০০ বৎসরের গুরুত্বপূর্ণ ফৌজদারী আইনের সর্বশেষ ধারাওয়ারী সিদ্ধান্ত)
|c Justice Siddiqur Rahman Miah.
|
| 246 |
3 |
0 |
|a Rulings on important criminal laws
|
| 246 |
3 |
1 |
|a ১০০ বৎসরের গুরুত্বপূর্ণ ফৌজদারী আইনের সর্বশেষ ধারাওয়ারী সিদ্ধান্ত
|
| 246 |
3 |
|
|a One hundred years' section-wise up-to-date rulings on important criminal laws
|
| 250 |
|
|
|a 1st edition.
|
| 300 |
|
|
|a xviii, 780 pages ;
|c 26 cm
|
| 541 |
|
|
|e 29744
|
| 546 |
|
|
|a English and Bengali.
|
| 650 |
|
0 |
|a Criminal law
|z Bangladesh
|v Digests.
|9 13851
|
| 942 |
|
|
|2 ddc
|c BK
|
| 999 |
|
|
|c 35293
|d 35293
|
| 952 |
|
|
|0 0
|1 0
|2 ddc
|4 0
|6 345_549200000000000_MIA
|7 0
|9 55453
|a BRACUL
|b BRACUL
|c GEN
|d 2015-08-19
|e Karim International
|g 970.00
|l 3
|m 21
|o 345.5492 MIA
|p 3010029744
|r 2026-05-06
|s 2026-03-03
|t 1
|w 2015-08-19
|y BK
|
| 952 |
|
|
|0 0
|1 0
|2 ddc
|4 0
|6 345_549200000000000_MIA
|7 0
|9 55454
|a BRACUL
|b BRACUL
|c GEN
|d 2015-08-19
|e Karim International
|g 970.00
|l 2
|m 1
|o 345.5492 MIA
|p 3010029745
|r 2019-04-21
|s 2019-04-09
|t 2
|w 2015-08-19
|y BK
|